All Logic Songs - Statistics

General Stats
  • This quiz has been taken 7 times
  • The average score is 50 of 321
Answer Stats
Album/Mixtape Track % Correct
Under Pressure Metropolis
75%
Young Sinatra: Undeniable We Get High
75%
Young Sinatra 30,000
50%
Bobby Tarantino II 44 More
50%
Young Sinatra: Welcome To Forever 5AM
50%
Young Sinatra All I Do
50%
Everybody Black SpiderMan
50%
Confessions of a Dangerous Mind BOBBY
50%
Under Pressure Buried Alive
50%
Everybody Confess
50%
Confessions of a Dangerous Mind Confessions of a Dangerous Mind
50%
Vinyl Days Decades
50%
Everybody Everybody
50%
Bobby Tarantino II Everyday
50%
Young, Broke, & Infamous Growing Pains
50%
Young Sinatra Growing Pains II
50%
Confessions of a Dangerous Mind Homicide
50%
The Incredible True Story I Am the Greatest
50%
Under Pressure I'm Gone
50%
Young Sinatra: Undeniable Inception
50%
Under Pressure Intro
50%
Single (2021) Intro (2021)
50%
Young Sinatra Juice
50%
Bobby Tarantino II Midnight
50%
Young Sinatra Mind Of Logic
50%
Under Pressure Never Enough
50%
Under Pressure Nikki
50%
Young Sinatra: Undeniable Numbers
50%
Young Sinatra One
50%
Bobby Tarantino II Overnight
50%
Young Sinatra: Undeniable Relaxation
50%
Under Pressure Soul Food
50%
Young Sinatra Stewie Griffin
50%
Confessions of a Dangerous Mind Still Ballin
50%
Vinyl Days Tetris
50%
YSIV Thank You
50%
The Incredible True Story The Incredible True Story
50%
Under Pressure Till the End
50%
Under Pressure Under Pressure
50%
Young Sinatra: Welcome To Forever Walk On By
50%
Young Sinatra: Welcome To Forever Welcome To Forever
50%
Young, Broke, & Infamous Young Sinatra
50%
Young Sinatra Young Sinatra II
50%
Young Sinatra: Undeniable Young Sinatra III
50%
Everybody 1-800-273-8255
25%
Bobby Tarantino 44 Bars
25%
Ultra 85 44ever
25%
Young Sinatra Addiction
25%
Young Sinatra: Undeniable All Sinatra Everything
25%
Under Pressure Alright
25%
Young Sinatra As I Am
25%
Young, Broke, & Infamous Ask 'Em
25%
Bobby Tarantino A Word from Our Sponsor
25%
Young, Broke, & Infamous Back and Forth
25%
Young, Broke, & Infamous BackPack
25%
Young Sinatra: Welcome To Forever Ballin
25%
Young Sinatra Beggin
25%
Vinyl Days Bleed It
25%
Under Pressure Bounce
25%
Bobby Tarantino III Call Me
25%
Young, Broke, & Infamous Can I Love
25%
Young Sinatra Champagne Thoughts (Interlude)
25%
Confessions of a Dangerous Mind clickbait
25%
Confessions of a Dangerous Mind Cocaine
25%
Young Sinatra: Welcome To Forever Common Logic / Midnight Marauder
25%
The Incredible True Story Contact
25%
Bobby Tarantino II Contra
25%
Vinyl Days Danger
25%
Young Sinatra: Undeniable Dear God
25%
Ultra 85 Deja Vu
25%
Young Sinatra: Undeniable Disgusting
25%
Confessions of a Dangerous Mind Don't Be Afraid to Be Different
25%
Young Sinatra: Undeniable Do Ya Like
25%
Under Pressure Driving Ms Daisy
25%
The Incredible True Story Fade Away
25%
Bobby Tarantino III Flawless
25%
Bobby Tarantino Flexicution
25%
Under Pressure Gang Related
25%
Bobby Tarantino III Get Up
25%
Ultra 85 Ghost in the Machine
25%
Bobby Tarantino III God Might Judge
25%
No Pressure GP4
25%
Bobby Tarantino II Grandpa's Space Ship
25%
Under Pressure Growing Pains III
25%
Everybody Hallelujah
25%
Young Sinatra Highs & Lows
25%
Bobby Tarantino II Indica Badu
25%
Everybody Ink Blot
25%
The Incredible True Story Innermission
25%
Ultra 85 In Retrospect
25%
Bobby Tarantino III Inside
25%
Bobby Tarantino III introll
25%
Young Sinatra: Welcome To Forever Just A Man
25%
Confessions of a Dangerous Mind Keanu Reeves
25%
Everybody Killing Spree
25%
YSIV Legacy
25%
Young Sinatra Let Me Go
25%
College Park Lightsabers
25%
College Park Lightyear
25%
The Incredible True Story Like Woah
25%
Young Sinatra Live on the Air
25%
Confessions of a Dangerous Mind Lost in Translation
25%
The Incredible True Story Lucidity (Scene)
25%
Confessions of a Dangerous Mind Mama / Show Love
25%
No Pressure man i is
25%
Young Sinatra: Welcome To Forever Man of the Year
25%
Young Sinatra Mixed Feelings
25%
Bobby Tarantino III My Way
25%
Young Sinatra: Welcome To Forever Nasty
25%
The Incredible True Story Never Been
25%
Young Sinatra: Undeniable No Biggie
25%
Young, Broke, & Infamous Nothing But A Hero RMX
25%
Under Pressure Now
25%
Confessions of a Dangerous Mind Out of Sight
25%
Confessions of a Dangerous Mind Pardon My Ego
25%
Young Sinatra Prime
25%
The Incredible True Story Run It
25%
Young, Broke, & Infamous Scenario
25%
Bobby Tarantino III See You Space Cowboy...
25%
College Park Self Medication
25%
Young, Broke, & Infamous Sellin' Drugs
25%
Young Sinatra Sell Out Records (Skit)
25%
Young Sinatra Shine On
25%
No Pressure Soul Food II
25%
Young, Broke, & Infamous Stain in the Game
25%
The Incredible True Story Stainless
25%
Bobby Tarantino Studio Ambience at Night: Malibu
25%
Bobby Tarantino III Stupid Skit
25%
Bobby Tarantino Super Mario World
25%
Everybody Take It Back
25%
Vinyl Days Ten Years
25%
The Incredible True Story The Cube (Scene)
25%
Bobby Tarantino The Jam
25%
Bobby Tarantino III Theme for the People
25%
Vinyl Days Therapy Music
25%
Young Sinatra: Undeniable The Spotlight
25%
The YS Collection, Vol. 1 Tokyo Nights
25%
Bobby Tarantino III untitled
25%
The Incredible True Story Upgrade
25%
Young Sinatra: Undeniable Used to Hate It
25%
Bobby Tarantino III Vaccine
25%
Vinyl Days Vinyl Days
25%
Everybody Waiting Room
25%
College Park Wake Up
25%
Confessions of a Dangerous Mind Wannabe
25%
Bobby Tarantino II Wassup
25%
The Incredible True Story White People (Scene)
25%
Young, Broke, & Infamous WordPlay
25%
Young, Broke, & Infamous Worthy
25%
Bobby Tarantino Wrist
25%
Young, Broke, & Infamous Young, Broke, and Infamous
25%
Young Sinatra: Welcome To Forever Young Jedi
25%
The Incredible True Story Young Jesus
25%
YSIV YSIV
25%
Inglorious Basterd 03_Raiders of the Lost Art (Madlib's Mix)
0%
YSIV 100 Miles and Running
0%
Inglorious Basterd 2am on Tour (2018)
0%
College Park 38.9897 °N, 76.9378 °W
0%
Young Sinatra: Undeniable 500 Days of Summer
0%
No Pressure 5 Hooks
0%
Young Sinatra: Welcome To Forever 925
0%
No Pressure A2Z
0%
Vinyl Days Aaron Judge
0%
Everybody AfricAryaN
0%
No Pressure Amen
0%
Everybody America
0%
Inglorious Basterd A message from my younger self (06.16.2011)
0%
Ultra 85 ANTIDOTE
0%
Everybody Anziety
0%
Young Sinatra Are You Ready
0%
Young Sinatra: Undeniable Aye Girl
0%
College Park Ayo
0%
The Incredible True Story Babel (Scene)
0%
Supermarket (Soundtrack) Baby
0%
Supermarket (Soundtrack) Best Friend
0%
Vinyl Days BLACKWHITEBOY
0%
Supermarket (Soundtrack) Bohemian Trapsody
0%
Bobby Tarantino II BoomTrap Protocol
0%
Young Sinatra: Welcome To Forever Break It Down
0%
Vinyl Days Breath Control
0%
Supermarket (Soundtrack) By the Bridge
0%
Supermarket (Soundtrack) Can I Kick It
0%
Vinyl Days Carnival
0%
No Pressure Celebration
0%
Single (2023) Check Please
0%
Ultra 85 Chess (skit)
0%
Ultra 85 City in the Stars
0%
The Incredible True Story City of Stars
0%
College Park Clone Wars III
0%
Vinyl Days Clouds
0%
College Park Come On Down
0%
Confessions of a Dangerous Mind COMMANDO
0%
College Park Cruisin' Through the Universe
0%
No Pressure DadBod
0%
No Pressure Dark Place
0%
Inglorious Basterd Dark Place (demo)
0%
Young Sinatra: Undeniable Dead Presidents III
0%
Bobby Tarantino Deeper Than Money
0%
Supermarket (Soundtrack) DeLorean
0%
Vinyl Days EarlyBird
0%
YSIV Everybody Dies
0%
Ultra 85 Favela
0%
Ultra 85 Fear
0%
Young Sinatra: Welcome To Forever Feel Good
0%
Inglorious Basterd Feelin' My Self_Ref 06.08.19
0%
Single (2023) Figure It Out
0%
Inglorious Basterd Free Music (Unmastered)
0%
College Park Gaithersburg Freestyle
0%
3P (halfBREED) Game 6
0%
Ultra 85 Gardens III
0%
Inglorious Basterd Get High V3 (02.28.2015)
0%
Young, Broke, & Infamous Give It To Me
0%
Inglorious Basterd Glamorous_Ref 06.25.19 v2
0%
Ultra 85 Glorious Ultra Panavision (skit)
0%
Inglorious Basterd Griptape
0%
No Pressure Heard Em Say
0%
College Park Highlife
0%
No Pressure Hit My Line
0%
Inglorious Basterd I Choose You
0%
YSIV ICONIC
0%
Confessions of a Dangerous Mind Icy
0%
Vinyl Days I guess I love it
0%
Young, Broke, & Infamous I Just Wanna
0%
Bobby Tarantino illuminatro
0%
Supermarket (Soundtrack) I Love You Forever
0%
Young Sinatra: Undeniable I Made It
0%
Supermarket (Soundtrack) I'm Probably Gonna Rock Your World
0%
Vinyl Days In my lifetime
0%
Ultra 85 Innerstellar
0%
College Park Insipio
0%
Vinyl Days Introducing Nezi
0%
Young, Broke, & Infamous I Want It All
0%
Vinyl Days JJ Abrahams
0%
Single (2023) Juice II
0%
Young Sinatra Just Another Day (In My Mind)
0%
Vinyl Days Kickstyle
0%
Vinyl Days LaDonda
0%
YSIV Last Call
0%
Supermarket (Soundtrack) Lemon Drop
0%
Vinyl Days Lena's Insight
0%
Young Sinatra: Welcome To Forever Life Is Good
0%
Young Sinatra: Undeniable Life of a Don
0%
Confessions of a Dangerous Mind Limitless
0%
The Incredible True Story Lord Willin'
0%
Young, Broke, & Infamous Love Jones
0%
Young, Broke, & Infamous Love Jones (Skit)
0%
Ultra 85 LOVE ME
0%
Vinyl Days Michael Rap
0%
Ultra 85 Mission Control
0%
Everybody Mos Definitely
0%
Inglorious Basterd Mystery Door 105.7 (Skit)
0%
Vinyl Days Nardwuar
0%
Vinyl Days NeedleDrop
0%
Vinyl Days NEMS
0%
Single (2023) Noell
0%
No Pressure No Pressure Intro
0%
No Pressure Obediently Yours
0%
Single (2019) OCD
0%
Ultra 85 Once Upon a Time in Hollywood
0%
YSIV One Day
0%
Young Sinatra: Welcome To Forever On The Low
0%
No Pressure Open Mic\\Aquarius III
0%
YSIV Ordinary Day
0%
Vinyl Days Orville
0%
The Incredible True Story Paradise
0%
College Park Paradise II
0%
Ultra 85 Paul Rodriguez
0%
Ultra 85 Peace Love & Positivity
0%
No Pressure Perfect
0%
Ultra 85 Planet Death (skit)
0%
College Park Playwright
0%
Vinyl Days Porta one
0%
Inglorious Basterd POWER 08.07.2023 v3
0%
Supermarket (Soundtrack) Pretty Young Girl
0%
Vinyl Days Quasi
0%
Young Sinatra: Welcome To Forever Randolph Returns (Skit)
0%
College Park Redpill VII
0%
Inglorious Basterd Rendezvous
0%
Vinyl Days Rogue One
0%
Young Sinatra: Welcome To Forever Roll Call
0%
Young Sinatra: Welcome To Forever Saturday (Skit)
0%
Vinyl Days Sayonara
0%
Young Sinatra: Undeniable Set the Tone
0%
College Park Shimmy
0%
Bobby Tarantino Slave
0%
Bobby Tarantino Slave II
0%
Inglorious Basterd Smooth Operator_Ref 06.06.19
0%
Inglorious Basterd Starfield
0%
Inglorious Basterd Started (2019 demo)
0%
Bobby Tarantino II State of Emergency
0%
Inglorious Basterd Still Pushin 08.07.2023 v5
0%
YSIV Street Dreams II
0%
Young, Broke, & Infamous Sunny In The Booth (Skit)
0%
Inglorious Basterd Super High Freestyle 08.07.2023 2
0%
Supermarket (Soundtrack) Supermarket
0%
Young Sinatra Take It Slow
0%
Ultra 85 Teleport
0%
Ultra 85 Thank You for Believing in Me
0%
3P (halfBREED) That's What She Said
0%
YSIV The Adventures of Stoney Bob
0%
Young Sinatra: Welcome To Forever The Come Up
0%
Young Sinatra: Welcome To Forever The End
0%
Mr. Corman: Season 1 The Feeling
0%
YSIV The Glorious Five
0%
Young Sinatra: Welcome To Forever The High Life
0%
YSIV The Return
0%
Young Sinatra: Undeniable ThirstMail (Skit)
0%
Young Sinatra: Undeniable Tic Tac Toe
0%
Supermarket (Soundtrack) Time Machine
0%
Inglorious Basterd Tired In Malibu 02.01.2021 REF
0%
Vinyl Days Tony Revolori
0%
Supermarket (Soundtrack) Vacation From Myself
0%
College Park Village Slum
0%
3P (halfBREED) Vroom Vroom
0%
Bobby Tarantino II Warm It Up
0%
Young Sinatra: Undeniable What You Want
0%
Inglorious Basterd WillIt_Ref 11.01.18
0%
Bobby Tarantino II Wizard Of Oz
0%
Young Sinatra: Undeniable World Wide
0%
YSIV Wu Tang Forever
0%
Bobby Tarantino II Yuck
0%
No matching quizzes found
Score Distribution
Percent of People with Each Score
Percentile by Number Answered
Your Score History
You have not taken this quiz